LIP AND CHEAK PRESSURE ASSESSMENT (Record no. 20575)
[ view plain ]
| 000 -LEADER | |
|---|---|
| fixed length control field | 00286nam a22001337a 4500 |
| 003 - CONTROL NUMBER IDENTIFIER | |
| control field | SGT |
| 082 ## - DEWEY DECIMAL CLASSIFICATION NUMBER | |
| Classification number | 617.643 |
| Item number | L17G |
| 100 ## - MAIN ENTRY--PERSONAL NAME | |
| Personal name | GUPTA, EKTA |
| 245 ## - TITLE STATEMENT | |
| Title | LIP AND CHEAK PRESSURE ASSESSMENT |
| 260 ## - PUBLICATION, DISTRIBUTION, ETC. (IMPRINT) | |
| Place of publication, distribution, etc | SGTU |
| Year of Publication | 2017 |
| 300 ## - PAGE DESCRIPTION | |
| No. of Pages | 62 |
| 650 ## - SUBJECT ADDED ENTRY--TOPICAL TERM | |
| Topical term or geographic name as entry element | ORTHODONTICS DENTAL |
| 942 ## - ADDED ENTRY ELEMENTS (KOHA) | |
| Source of classification or shelving scheme | Dewey Decimal Classification |
| Koha item type | Thesis/Dissertation |
| Withdrawn status | Lost status | Source of classification or shelving scheme | Damaged status | Not for loan | Collection code | Home library | Current library | Shelving location | Date acquired | Total Checkouts | Full call number | Accession No. (Barcode) | Date last seen | Bill Date | Koha item type |
|---|---|---|---|---|---|---|---|---|---|---|---|---|---|---|---|
| Dewey Decimal Classification | Not For Loan | MASS COMMUNICATION | SGT Medical Library | SGT Medical Library | Reference Book | 08/10/2020 | 617.643 L17G | DT746 | 08/10/2020 | 08/10/2020 | Thesis/Dissertation | ||||
| Dewey Decimal Classification | Not For Loan | MASS COMMUNICATION | SGT Medical Library | SGT Medical Library | Reference Book | 08/10/2020 | 617.643 L17G | DT747 | 08/10/2020 | 08/10/2020 | Thesis/Dissertation |